Länder Europas - Sudden Death - Statistiken

Allgemein
  • Dieses Quiz wurde 1.704 mal gespielt
    1.620 seit der letzten Aktualisierung
  • Das Durchschnittsergebnis liegt bei 10 aus 18
Answers on the Grid
Answers color-coded by a green-red scale on the quiz's grid according to % correct below.
Albanien
Zypern
Österreich
Australien
Bektaschi-Orden
Türkei
Vatikanstadt
Algerien
Indien
Israel
Ägypten
Syrien
Russland
Aserbaidschan
Armenien
Georgia
Griechenland
Italien
Malta
Schweden
Kasachstan
Vereinigtes Königreich
Kanada
Spanien
Marokko
Island
Ukraine
Portugal
Belarus
Katalonien
Estland
Polen
Mongolei
Slowenien
Libanon
Schottland
Serbien
Seychellen
Iran
 
Antwortstatistiken
Antwort % Korrekt
Italien
62%
Polen
61%
Portugal
60%
Ukraine
60%
Schweden
59%
Estland
58%
Österreich
57%
Serbien
57%
Slowenien
57%
Spanien
57%
Griechenland
56%
Vatikanstadt
56%
Island
55%
Albanien
54%
Vereinigtes Königreich
54%
Malta
52%
Belarus
50%
Russland
50%
Keine übereinstimmenden Quizze gefunden
Verteilung der Resultate
Anzahl Personen mit jedem Resultat
Perzentil nach korrekt beantworteten Fragen
Ihre Resultats-Entwicklung
Sie haben dieses Quiz seit der letzten Aktualisierung nicht gespielt